000 00598pab a2200205 454500
008 180718b2013 xxu||||| |||| 00| 0 eng d
100 _aDunne, Mairead
245 _aPeer relations, violence and school attendance: Analyses of bullying in senior high schools in Ghana
260 _c2013
300 _ap.285-300.
362 _aFeb
650 _aSchools - Ghana
650 _aViolence - Ghana
650 _aEducational attendance - Ghana
650 _aPeer relationship - Ghana
650 _aPeer relationship
773 _aJournal of Development Studies
908 _aN
909 _a99374
999 _c99373
_d99373